| 000 | 02948nam a22004937a 4500 | ||
|---|---|---|---|
| 005 | 20260417155915.0 | ||
| 008 | 180221b xxu||||| |||| 00| 0 eng d | ||
| 040 | _cPK-LaUMT | ||
| 082 |
_aZIAC 297.05 _bIJT- |
||
| 110 |
_aOrganization Department _911072 |
||
| 245 | 1 | 0 |
_aاجتماع سے اجتماع تک : _b1974 تا 1983 تک / _cشعبہ تنظیم |
| 246 | _aIjtema se ijtema tak / Organization Department | ||
| 246 | _aتحریکِ پاکستان اور تحریکِ اسلامی / پروفیسر خورشید احمد | ||
| 246 | _aTehreek-e-Pakistan aur tehreek-e-Islami / Professor Khurshid Ahmad | ||
| 246 | _aقلعہ لاہور کی ایک جھلک / محمد بشیر احمد اینڈ محمد رفیق احمد | ||
| 246 | _aQila Lahore ki aik jhalak / Muhammad Bashir Ahmad and Muhammad Rafiq Ahmad | ||
| 246 | _aایمان پرور یادیں / ترتیب، اللہ وسایا | ||
| 246 | _aEman parwar yadain / edited by Allah Wasaya | ||
| 246 | _aبدلتے رجحانات اور ہماری ترجیحات / محمد نوید انور | ||
| 246 | _aBadalty rujhanat aur hamari tarjeehat / Muhammad Naweed Anwar | ||
| 246 | _aتعلیمی انحطاط کے اسباب / پروفیسر سید محمد سلیم | ||
| 246 | _aTaleemi inhatat ke asbab / Prof. Muhammad Saleem | ||
| 246 | _aعلومِ جدید کی اسلامی تشکیل / ڈاکٹر اسمعیل راجی فاروقی | ||
| 246 | _aUloom-e-jadeed ki Islami tashkeel / Dr. Ismail Raji Farooqi | ||
| 246 | _aایٹمی صلاحیت اور قرضوں کا شکنجہ / پروفیسر خورشید احمد | ||
| 246 | _aAitmi salahiyat aur qarzon ka shikanja / Professor Khurshid Ahmad | ||
| 246 | _aرسول اللہ کا معیارِ زندگی / سید اسعد گیلانی | ||
| 246 | _aRasool Allah ka mayar-e-zindagi / Syed Asad Gilani | ||
| 246 | _aحبِ رسول اور اس کے تقاضے / ڈاکٹر انیس احمد | ||
| 246 | _aHub-e-Rasool aur us ke taqazy / Dr. Anees Ahmad | ||
| 246 | _aوالدینِ مصطفےٰ : حالات و ایمان / محمد یٰسین قصوری نقشبندی | ||
| 246 | _aWaldain-e-Mustafa : halat o eman / Muhammad Yaseen Kasuri Naqshbandi | ||
| 246 | _aشہادت امام حسین کا حقیقی پیغام / حافظ محمد ادریس | ||
| 246 | _aShahadat Imam Hussain ka haqiqi paigham | ||
| 246 | _aعشقِ خاتم النبیین | ||
| 246 | _aIshq-e-Khatam Ul Nabeen | ||
| 246 | _aخطے میں امریکی عزائم اور ہماری ذمہ داریاں / پروفیسر راشد سعید | ||
| 246 | _aKhittay main Amrici azaym aur hamari zimma dariyan / Prof. Rashid Saeed | ||
| 246 | _aصلو علیہ و الہ / محمد رمضان نقشبندی | ||
| 246 | _aSallu Aleh Wa Alihi / Muhammad Ramzan Naqshbandi | ||
| 260 |
_aLahore : _bJamat-e-Islami, _c1974 |
||
| 300 | _aThis volume consists of 15 books bound in one. | ||
| 942 | _cBK | ||
| 999 |
_c103603 _d103603 |
||